ბათუმის შოთა რუსთაველის სახელმწიფო უნივერსიტეტის ბიბლიოთეკა

Национальное счетоводство (ბიბ.ჩანაწერი № 37070)

000 -LEADER
fixed length control field 00707nam a2200229Ia 4500
001 - CONTROL NUMBER
control field 3024
003 - CONTROL NUMBER IDENTIFIER
control field GE_BSU
008 - FIXED-LENGTH DATA ELEMENTS--GENERAL INFORMATION
fixed length control field 181216s||||||||xx |||||||||||||| ||und||
020 ## - INTERNATIONAL STANDARD BOOK NUMBER
International Standard Book Number 5279017647
040 ## - CATALOGING SOURCE
Transcribing agency GE_BSU
080 ## - UNIVERSAL DECIMAL CLASSIFICATION NUMBER
Universal Decimal Classification number 657.4(075.8)
245 ## - TITLE STATEMENT
Title Национальное счетоводство
245 ## - TITLE STATEMENT
Remainder of title МЭСИ Учебник
245 ## - TITLE STATEMENT
Statement of responsibility, etc. под. ред. Кулагиной Г.Д. авт. Г.Д. Кулагина, Б.И. Башкатов и др
260 ## - PUBLICATION, DISTRIBUTION, ETC.
Place of publication, distribution, etc. Москва
260 ## - PUBLICATION, DISTRIBUTION, ETC.
Name of publisher, distributor, etc. Финансы и статистика
260 ## - PUBLICATION, DISTRIBUTION, ETC.
Date of publication, distribution, etc. 1997
300 ## - PHYSICAL DESCRIPTION
Extent 448 с. 20 см.
653 ## - INDEX TERM--UNCONTROLLED
Uncontrolled term Национальное счетоводство
942 ## - ADDED ENTRY ELEMENTS (KOHA)
Koha item type წიგნი
ეგზემპლარები
Withdrawn status Lost status Damaged status Not for loan Date acquired Barcode Date last seen Price effective from Koha item type Public note
        2018-12-17 7934 2018-12-17 2018-12-17 წიგნი დარბაზი
        2018-12-17 7935 2018-12-17 2018-12-17 წიგნი დარბაზი
        2018-12-17 8164 2018-12-17 2018-12-17 წიგნი დარბაზი